鉄道単独駅 乗降客数ランキング - Statistics

General Stats
  • This quiz has been taken 422 times
    50 since last reset
  • The average score is 66 of 100
Answer Stats
順位 所在地 会社名 路線名 乗降客数 駅名 % Correct
1 東京都 JR東日本 京浜東北線 165,460 大森
93%
2 埼玉県 JR東日本 京浜東北線 150,122 川口
89%
8 東京都 JR東日本 中央線 113,426 武蔵小金井
86%
9 神奈川県 JR東日本 東海道線 113,340 平塚
84%
3 神奈川県 小田急電鉄 小田原線 127,031 本厚木
82%
7 千葉県 JR東日本 京葉線 113,990 海浜幕張
82%
10 神奈川県 JR東日本 東海道線 112,742 辻堂
82%
11 埼玉県 JR東日本 京浜東北線 111,724
82%
15 東京都 東京メトロ 東西線 99,258 葛西
82%
16 東京都 JR東日本 山手線 98,492 新大久保
82%
18 東京都 JR東日本 中央線 97,096 国立
82%
12 埼玉県 JR東日本 京浜東北線 109,948 西川口
80%
19 東京都 東京メトロ 東西線 96,546 西葛西
80%
20 埼玉県 JR東日本 京浜東北線 96,364 北浦和
80%
4 東京都 JR東日本 総武線 120,166 小岩
77%
24 神奈川県 横浜高速鉄道 みなとみらい線 85,853 みなとみらい
77%
35 千葉県 東京メトロ 東西線 78,626 浦安
77%
57 東京都 JR東日本 山手線 67,082 目白
77%
58 埼玉県 JR東日本 埼京線 65,930 戸田公園
77%
77 東京都 JR東日本 中央線 59,298 東小金井
77%
6 東京都 東京メトロ 東西線 114,708 東陽町
75%
14 千葉県 JR東日本 京葉線 103,208 新浦安
75%
39 東京都 西武鉄道 池袋線 76,732 石神井公園
75%
61 東京都 JR東日本 中央線 64,440 豊田
75%
5 大阪府 JR西日本 東海道線 116,852 高槻
73%
21 埼玉県 東武鉄道 東上線 95,860 志木
73%
27 東京都 小田急電鉄 小田原線 82,232 経堂
73%
29 東京都 小田急電鉄 小田原線 80,513 成城学園前
73%
32 東京都 JR東日本 常磐線 79,818 亀有
73%
33 東京都 京王電鉄 京王線 79,689 千歳烏山
73%
38 埼玉県 JR東日本 高崎線 77,362 上尾
73%
69 東京都 JR東日本 中央線 60,272 西八王子
73%
92 神奈川県 JR東日本 横浜線 55,924 相模原
73%
23 大阪府 JR西日本 東海道線 91,038 茨木
70%
31 東京都 東京メトロ 東西線 79,978 早稲田
70%
47 大阪府 JR西日本 ゆめ咲線 70,634 ユニバーサルシティ
70%
55 埼玉県 東武鉄道 東上線 67,537 朝霞
70%
85 神奈川県 横浜高速鉄道 みなとみらい線 56,862 元町・中華街
70%
26 埼玉県 東武鉄道 伊勢崎線 82,501 草加
68%
34 神奈川県 東急電鉄 田園都市線 78,780 たまプラーザ
68%
43 東京都 東京メトロ 半蔵門線 73,487 半蔵門
68%
45 東京都 東京メトロ 東西線 72,289 木場
68%
53 東京都 西武鉄道 新宿線 68,058 田無
68%
54 東京都 東武鉄道 伊勢崎線 67,699 竹ノ塚
68%
60 埼玉県 JR東日本 宇都宮線 64,474 東大宮
68%
64 東京都 JR東日本 総武線 62,126 平井
68%
65 埼玉県 東武鉄道 東上線 62,055 ふじみ野
68%
70 神奈川県 JR東日本 根岸線 60,082 石川町
68%
17 神奈川県 東急電鉄 田園都市線 98,123 青葉台
66%
28 東京都 京王電鉄 京王線 81,516 府中
66%
30 東京都 西武鉄道 池袋線 80,236 大泉学園
66%
50 神奈川県 JR東日本 横浜線 68,816 鴨居
66%
51 東京都 西武鉄道 池袋線 68,792 ひばりヶ丘
66%
67 福岡県 福岡市交通局 空港線 60,799 福岡空港
66%
73 神奈川県 東急電鉄 田園都市線 59,568 鷺沼
66%
74 東京都 東京メトロ 東西線 59,562 南砂町
66%
75 埼玉県 JR東日本 武蔵野線 59,534 越谷レイクタウン
66%
83 東京都 西武鉄道 池袋線 56,960 保谷
66%
87 神奈川県 JR東日本 根岸線 56,772 港南台
66%
13 東京都 東京メトロ 日比谷線 107,982 神谷町
64%
40 東京都 東京メトロ 銀座線 74,637 外苑前
64%
66 千葉県 JR東日本 常磐線 61,052 南柏
64%
36 東京都 東京メトロ 丸ノ内線 78,606 茗荷谷
61%
44 東京都 東急電鉄 東横線 72,696 学芸大学
61%
48 神奈川県 JR東日本 横浜線 70,264 淵野辺
61%
49 神奈川県 JR東日本 南武線 69,142 武蔵新城
61%
52 東京都 東急電鉄 田園都市線 68,296 桜新町
61%
59 東京都 東急電鉄 田園都市線 65,061 用賀
61%
62 東京都 東急電鉄 田園都市線 63,191 池尻大橋
61%
81 東京都 京王電鉄 京王線 58,241 聖蹟桜ヶ丘
61%
82 神奈川県 小田急電鉄 小田原線 57,254 向ヶ丘遊園
61%
96 神奈川県 JR東日本 南武線 55,204 武蔵中原
61%
46 東京都 京王電鉄 京王線 70,712 仙川
59%
63 東京都 西武鉄道 池袋線 62,526 清瀬
59%
72 神奈川県 京浜急行電鉄 本線 59,752 金沢文庫
59%
79 東京都 東京メトロ 日比谷線 58,660 広尾
59%
100 千葉県 東京メトロ 東西線 54,606 行徳
59%
22 東京都 都営地下鉄 大江戸線 91,189 勝どき
57%
25 東京都 東京メトロ 丸ノ内線 85,481 西新宿
57%
42 東京都 東急電鉄 田園都市線 74,266 駒沢大学
57%
56 東京都 JR東日本 埼京線 67,506 十条
57%
78 神奈川県 京浜急行電鉄 本線 58,695 横須賀中央
55%
84 奈良県 近畿日本鉄道 奈良線 56,935 近鉄奈良
55%
99 埼玉県 JR東日本 武蔵野線 54,654 東浦和
55%
37 東京都 東京メトロ 千代田線 77,718 赤坂
52%
41 東京都 東京メトロ 南北線 74,305 六本木一丁目
52%
89 東京都 東武鉄道 東上線 56,181 東武練馬
52%
91 神奈川県 相模鉄道 相鉄本線 55,967 鶴ヶ峰
52%
93 東京都 小田急電鉄 小田原線 55,873 千歳船橋
52%
86 東京都 都営地下鉄 大江戸線 56,838 光が丘
50%
76 東京都 京王電鉄 京王線 59,407 初台
48%
88 埼玉県 東武鉄道 伊勢崎線 56,374 獨協大学前
48%
90 東京都 東京メトロ 銀座線 56,104 京橋
48%
94 大阪府 阪急電鉄 京都線 55,747 高槻市
48%
98 東京都 都営地下鉄 新宿線 55,028 瑞江
45%
68 東京都 小田急電鉄 小田原線 60,371 鶴川
43%
80 東京都 都営地下鉄 新宿線 58,409 船堀
43%
97 大阪府 南海電気鉄道 高野線 55,072 堺東
41%
71 愛知県 名古屋市 名城線 59,961 矢場町
32%
95 大阪府 JR西日本 学研都市線 55,624 住道
30%
No matching quizzes found
Score Distribution
Percent of People with Each Score
Percentile by Number Answered
Your Score History
You have not taken this quiz since the last reset